书目信息 |
| 题名: |
中国媒体的世界图像及民众全球观
|
|
| 作者: | 郭可 著 | |
| 分册: | ||
| 出版信息: | 上海 上海交通大学出版社 2020.12 |
|
| 页数: | 215页 | |
| 开本: | 24cm | |
| 丛书名: | ||
| 单 册: | ||
| 中图分类: | G219.2 | |
| 科图分类: | ||
| 主题词: | 媒体(新闻)--新闻工作--研究--中国 | |
| 电子资源: | ||
| ISBN: | 978-7-313-24181-8 | |
| 000 | 01506nam0 2200277 45 | |
| 001 | 012001004146 | |
| 005 | 20141014141559.0 | |
| 010 | @a978-7-313-24181-8@dCNY69.00 | |
| 100 | @a20210119d2020 em y0chiy0110 ea | |
| 101 | 0 | @achi |
| 102 | @aCN@b310000 | |
| 105 | @aak az 001yy | |
| 106 | @ar | |
| 200 | 1 | @a中国媒体的世界图像及民众全球观@Azhong guo mei ti de shi jie tu xiang ji min zhong quan qiu guan@dWorld images in China media and global perceptions of the public@f郭可著@zeng |
| 210 | @a上海@c上海交通大学出版社@d2020.12 | |
| 215 | @a215页@c图@d24cm | |
| 300 | @a国家社科重大招标项目“多语种涉华国际案例数据库建设研究”(项目批准号:14ZDB162) 国家社科一般项目“中国媒体全球观及其影响研究”(项目批准号:14BXW021) 全球话语与媒介研究 | |
| 300 | @a并列题名:World images in China media and global perceptions of the public | |
| 320 | @a有书目(第197-212页)和索引 | |
| 330 | @a本书为国家社科基金项目,内容包括:国际新闻报道在中国,我国媒体国际新闻报道三种范式,把关人理论视野下中国媒体的国际新闻选择,框架理论下中国媒体国际报道的新闻处理,中国媒体国际新闻报道的影响要素研究,中国主流媒体对民众全球观的塑造,案例分析:中国媒体对中美贸易战报道的呈现方式及特点,以问卷调查/文本分析等实证研究的方法来阐释中国媒体中的世界图像,具有重要的学术参考价值。 | |
| 510 | 1 | @aWorld images in China media and global perceptions of the public@zeng |
| 606 | 0 | @a媒体(新闻)@x新闻工作@x研究@y中国 |
| 690 | @aG219.2@v5 | |
| 701 | 0 | @a郭可@Aguo ke@4著 |
| 801 | @aCN@bAHXH@c20210922 | |
| 905 | @b1329625-9@dG219.2@e1024@f5 | |
| 中国媒体的世界图像及民众全球观=World images in China media and global perceptions of the public/郭可著.-上海:上海交通大学出版社,2020.12 |
| 215页:图;24cm |
| 国家社科重大招标项目“多语种涉华国际案例数据库建设研究”(项目批准号:14ZDB162) 国家社科一般项目“中国媒体全球观及其影响研究”(项目批准号:14BXW021) 全球话语与媒介研究.-并列题名:World images in China media and global perceptions of the public |
| ISBN 978-7-313-24181-8:CNY69.00 |
| 本书为国家社科基金项目,内容包括:国际新闻报道在中国,我国媒体国际新闻报道三种范式,把关人理论视野下中国媒体的国际新闻选择,框架理论下中国媒体国际报道的新闻处理,中国媒体国际新闻报道的影响要素研究,中国主流媒体对民众全球观的塑造,案例分析:中国媒体对中美贸易战报道的呈现方式及特点,以问卷调查/文本分析等实证研究的方法来阐释中国媒体中的世界图像,具有重要的学术参考价值。 |
| ● |
| 相关链接 |
|
|
|
|
正题名:中国媒体的世界图像及民众全球观
索取号:G219.2/1024
 
预约/预借
| 序号 | 登录号 | 条形码 | 馆藏地/架位号 | 状态 | 备注 |
| 1 | 1329625 | 213296253 | 第一样本阅览室/ [索取号:G219.2/1024] | 在馆 | |
| 2 | 1329626 | 213296262 | 教育系资料室/ [索取号:G219.2/1024] | 在馆 | |
| 3 | 1329627 | 213296271 | 教育系资料室/ [索取号:G219.2/1024] | 在馆 | |
| 4 | 1329628 | 213296280 | 第四借阅区/ [索取号:G219.2/1024] | 在馆 | |
| 5 | 1329629 | 213296299 | 第四借阅区/ [索取号:G219.2/1024] | 在馆 |